Tokyo Revengers Personnages - Statistiques

Statistiques générales
  • Ce quiz a été pris 1 342 fois
    190 depuis la dernière actualisation
  • Le résultat moyen est 30 sur 92
Statistiques - réponses
Indice Réponse % Correct
Petite Ami de Takemichi Hinata Tachibana (Hina)
99%
Monsieur le HéroPleurnichard Takemichi Hanagaki (Takemichou)
99%
Chef Adjoint du Toman Ken Ryuguji (Draken)
98%
Chef du Tokyo Manjikai (Toman) Manjiro Sano (Mikey)
94%
Chef de la 1ère Brigade du Toman Keisuke Baji
92%
Chef Adjoint de la 1èreBrigade du Toman Chifuyu Matsuno
88%
Chef de la 2ème Brigade du Toman Takashi Mitsuya (Taka)
88%
Policier Naoto Tachibana
86%
Chef du Valhalla Tetta Kisaki
86%
Demi Sœur de Mikey Emma Sano
82%
N°2 du Valhalla Shuji Hanma
80%
Chef Adjoint de la 2ème Brigade du Toman Hakkai Shiba
76%
Chef de la 3ème Brigade du Toman Haruki Hayashida (Pachin)
75%
N°3 du Valhalla Kazutora Hanemiya
75%
Chef du Tenjiku Izana Kurokawa
73%
Chef de la 4ème Brigade du Toman Nahoya Kawata (Smiley)
72%
Commandant du Black Dragon10ème Génération Seishu Inui (Inupi)
70%
Chef Adjoint de la 4ème Brigade du Toman Soya Kawata (Angry)
70%
Ami de Takemichi Atsushi Sendo (Atsu)
66%
Chef Adjoint de la 3ème Brigade du Toman Ryohei Hayashi (Peyan)
64%
Frère de Mikey Shinichiro Sano
63%
Chef du Black Dragon 10ème Génération Taiju Shiba
62%
Commandant du Black Dragon10ème Génération Hajime Kokonoi (Koko)
61%
Sœur de Hakkai Yuzuha Shiba
54%
Chef Adjoint de la 5ème Brigade du Toman Haruchiyo Akashi (Sanzu)
52%
4 Roi Céleste du Tenjiku Kakucho Hitto (Kaku)
51%
Chef du Brahman Senju Akashi (Kawaragi)
51%
Chef de la 5ème Brigade du Toman Yasuhiro Muto (Mucho)
49%
4 Roi Céleste du Tenjiku Ran Haitani
48%
Gang de Kiyomasa Masataka Kiyomizu (Kiyomasa)
47%
Cadre du Tenjiku Rindo Haitani
47%
État-Major du Brahman Wakasa Imaushi (Waka)
44%
Chef du Mœbius Nobutaka Osanai
42%
Ami de Takemichi Takuya Yamamoto
42%
Sœur de Inupi Akane Inui
40%
Sœur de Mitsuya Luna Mitsuya
40%
Père de Mikey Makoto Sano
40%
Ami de Takemichi Makoto Suzuki
40%
Sœur de Mitsuya Mana Mitsuya
38%
Ami de Takemichi Kazuchi Yamagishi
36%
4 Roi Céleste du Tenjiku Shion Madarame
36%
N°2 du Brahman Takeomi Akashi
36%
Chef du Rokuhara Tandai Minami Terano (South)
32%
État-Major du Brahman Keizo Arashi (Benkei)
31%
4 Roi Céleste du Tenjiku Kanji Mochizuki (Mocchi)
25%
Ancien Chef Adjoint de la 1èreBrigade du Toman Ryusei Sato
24%
Chat de Chifuyu Peke J / Excalibur
22%
Cadre du Valhalla Chome
16%
Cadre du Valhalla Chonbo Kureiji
13%
Cadre du Valhalla et Ami de Kisaki Choji Ahane
12%
Gang de Kiyomasa Jin Akaishi (Red)
12%
Gang de Kiyomasa (Sous-Fifre) Masaru
11%
CE2 le plus fort de Shibuya Gan
10%
Chauffeur du Toman Koji
10%
Mère de Izana Karen Kurokawa
9%
Responsable d'un Magasin de DVD Hasegawa
8%
Mère de Baji Ryoko Baji
8%
Mère de Hinata Ryoko Tachibana
8%
Propriétaire du Fashion Health Masawei
7%
Chef du Night Dust Leanman / Gariman
6%
Chien de Pachin Pochi
6%
Club d'Économie Domestique Yasuda
6%
Collégien Kojima
5%
Grand Père de Mikey Mansaku Sano
5%
Père de Hinata Masato Tachibana
5%
Membre du Fashion Health Remi
5%
Mère de Mikey Sakurako Sano
5%
Chef de Gang Brésilien Dino
4%
Chef de Gang Sameyama
4%
Chef de la Garde Raprochée duYotsuya Kaidan Soichiro Matsuno (Tsubleu)
4%
Membre de la 1ère Brigade du Toman Chu
3%
Chef du Ikebukuro Criminal Black Members Hansen
3%
Chef Adjoint du Yotsuya Kaidan Kojiro Hishi
3%
Chef de Gang Mandala
3%
Club d'Économie Domestique Okubo
3%
Club d'Économie Domestique Yamada
3%
Chef du Yotsuya Kaidan Kensho Hishi
2%
Ami de Kisaki Tadaomi Hamada
2%
Ami d'Enfance de Pachin Yumi Morita
2%
Chef de la Section d'Assaut du Yotsuya Kaidan Ayumu Tobishima (Tojaune)
1%
Faux Draken Gen Kokubunji
1%
Chef des Forces Spéciales du Yotsuya Kaidan Kiyomaro Mori (Marouge)
1%
Faux Mikey Mantaro Suno
1%
Ami de Baji Mitarai
1%
Ami de Chifuyu Sasaki
1%
Club d'Économie Domestique Taguchi
1%
Ami de Chifuyu Takeuchi
1%
Ami de Chifuyu Yoshida
1%
Ami de Chifuyu Goro
0%
Membre du Yotsuya Kaidan Kazuya Atsushima
0%
Harceleur des Faux Mikey et Draken Kusono
0%
Membre du Black Dragon Ryoji Maejima
0%
Aucun quiz correspondant
Distribution des résultats
% des personnes avec chaque résultat
Percentile par nombre de réponses
Votre historique - résultats
Vous n’avez pas pris ce quiz depuis la dernière actualisation